000
00268nam a2200097Ia 4500
008
120527s9999 xx 000 0 und d
100
_a
MADSEN, Erik
245
_a
Cleaning of agricultural and horticultural seeds on smalll scale machine
260
_b
ISTA]
942
_c
BK
999
_c
25149
_d
25149